000 01003nam a2200253 i 4500
001 183344
003 ES-MaACL
005 20251116063115.0
008 140327s2008 sp a | |||||||| | spa d
020 _a978-84-8012-632-8
080 _a72.033.4(460.183)(036)
100 1 _aMartín Jiménez, Carlos M.,
_d1955-
_9154465
245 1 3 _aLas mejores rutas por el románico de Palencia /
_cCarlos M. Martín Jiménez.
260 _aTrobajo del Camino, León :
_bEdilesa,
_c[2008]
300 _a189 p. :
_bil. col., mapas, planos ;
_c24 cm.
490 1 _aAndar y conocer. Serie Mayor
500 _aÍndice.
650 4 _aArquitectura románica-
_zPalencia (Provincia)-
_vGuías turísticas.
_9154627
830 0 _aAndar y conocer. Serie Mayor
_9224973
852 _aES-MaACL
_jA-13084
_9190283
_bR.149906
_cDEPO1
_dOlim: N-6084
_hDonación: Diputación de Palencia
914 _96107
_aPalencia (Provincia).
_ednr
942 _2udc
_cMONOGRAFIA
999 _c183344
_d183344